000 00618nam a2200253Ia 4500
005 20260121155503.0
008 008 260114s9999 xx 000 0 eng d
020 _a9780429400209
037 _aEBOOK
040 _aCRL
040 _beng
040 _cCRL
041 _2eng
041 _aeng
084 _qCRL
100 _a Shabnam Moinipour
_91020092
245 0 _aHuman Rights, Iranian Migrants, and State Media
260 _bTaylor and Francis
260 _c2020
856 _uhttp://www.taylorfrancis.com/books/9780429400209
942 _cEBOOK
999 _c1586911
_d1586911